Grande Atlas do mundo (Registo nº 2743)

Detalhes MARC
000 -Etiqueta do registo
Cabeçalho 00852nam a22002891 4500
005 - Identificador da versão
Campo de controlo 20240813121943.0
095 ## -
-- PTBN00786264
010 ## - Número internacional normalizado dos livros (ISBN)
Número (ISBN) 9722612034
100 ## - Dados gerais de processamento
Dados gerais de processamento 20001015d1996 damy0pory5003 ba
102 ## - Pais de publicação ou produção
País de publicação Portugal
101 1# - Língua de publicação
Língua do texto, banda sonora, etc. Português
Língua do documento no original Inglês
106 ## - Campo de dados codificados: material textual
Dados codificados do material textual r
105 ## - Campo de dados codificados: livros
Dados codificados dos livros a z 001yy
215 ## - Descrição física 
Indicação específica da natureza do documento e extensão da espécie 160 p.
Outras indicações físicas muito il.
Dimensões 36 cm
200 1# - Titulo e menção de responsabilidade
Título próprio Grande Atlas do mundo
Primeira menção de responsabilidade dir. proj. Elisabeth Wyse, Caroline Lucas
Outras menções de responsabilidade trad. Maria Alice Moura Bessa
210 ## - Publicação, Distribuição, etc. 
Lugar da edição, distribuição, etc. Lisboa
Nome do editor, distribuidor, etc. Civilização
Data da publicação, distribuição, etc. cop. 1996
304 ## - Notas relativas a título e menção de responsabilidade 
Texto da nota Tít. orig.: Atlas of the world
606 ## - Nome comum usado como assunto
Número de registo de entrada de autoridade 0001467
Palavra de ordem Geografia
Subdivisão de assunto Atlas
675 ## - Classificação Decimal Universal (CDU)
Notação 91
Edição
Língua da edição por
702 #1 - Nome de autor-pessoa física (responsabilidade secundária)
Número de registo de entrada de autoridade 0000088
Palavra de ordem Bessa
Outra parte do nome não tomada para palavra de ordem Maria Alice Moura
Código de função Tradutor
701 #1 - Nome de autor-pessoa física (co-responsabilidade principal)
Palavra de ordem Lucas
Outra parte do nome não tomada para palavra de ordem Caroline
Código de função Autor / Co-autor
700 #1 - Nome de autor-pessoa física (responsabilidade principal)
Número de registo de entrada de autoridade 0001680
Palavra de ordem Wyse
Outra parte do nome não tomada para palavra de ordem Elisabeth
942 ## - Elementos de entrada adicionados (Koha)
Tipo de item no Koha Livro
Exemplares
Situação do levantamento Origin of item (home branch) (coded) Biblioteca de empréstimo Código de barras Cota Circulation type (not for loan) Tipo de documento Nota do exemplar Damaged status
  Biblioteca Escolar da Coca Maravilhas Biblioteca Escolar da Coca Maravilhas BECM4903/00 9GEO ATL   Livro Sem mensagem